Państwa według liczby pasażerów przewiezionych koleją - Statystyki

Ogólne statystyki
  • Ten quiz został rozwiązany 42 razy
  • Średni wynik to 17 z 20
Statystyki odpowiedzi
Państwo Liczba pasażerów % Poprawnych
Japonia 25 201 000 000
100%
Chiny 4 312 000 000
98%
Indie 6 905 000 000
98%
Stany Zjednoczone 535 000 000
98%
Hiszpania 636 000 000
95%
Niemcy 2 938 000 000
95%
Polska 324 100 000
93%
Rosja 1 157 200 000
93%
Brazylia 2 571 000 000
90%
Francja 1 880 000 000
90%
Wielka Brytania 1 836 800 000
90%
Włochy 883 300 000
90%
Argentyna 426 200 000
83%
Ukraina 440 900 000
75%
Holandia 474 500 000
73%
Austria 511 000 000
70%
Australia 1 064 200 000
65%
Szwajcaria 507 300 000
65%
Indonezja 429 200 000
60%
Tajwan 291 840 000
43%
Nie znaleziono quizów pasujących do podanych kryteriów
Rozkład punktacji
Procent ludzi z każdym wynikiem
Percentyl według liczby udzielonych odpowiedzi
Twoja historia wyników
Nie rozwiązałeś tego quizu